Statistics for AQA GCSE History "America 1920-1973" - People

Click here to take the quiz!

General Stats

  • This quiz has been taken 147 times
  • The average score is 17 of 66

Answer Stats

HintAnswer% Correct
First president of the United StatesGeorge Washington
75%
US president during the Wall Street Crash who believed in "rugged individualism" and in Laissez-Faire policiesHerbert Hoover
74%
US President who created the First and Second New Deals, repealed Prohibition and led the USA for most of the Second World WarFranklin D. Roosevelt
70%
Entrepreneur who popularised the production line and made cars that were cheap enough for ordinary people to affordHenry Ford
65%
Baptist preacher who led many civil rights protests including the Montgomery Bus Boycott and the 1963 March on Washington, believed in non-violent protest and delivered the 'I have a dream' speechMartin Luther King Jr.
64%
US President who proposed the formation of the League of NationsWoodrow Wilson
64%
Gang leader who was the head of a gang selling alcohol during the prohibition era
63%
First Lady of the USA from 1933-1945Eleanor Roosevelt
61%
US President known for supporting the Civil Rights Movement, describing a 'New Frontier' and being assassinated in 1963John F. Kennedy
61%
German dictator who the US fought against in the Second World WarAdolf Hitler
58%
Influential Rock 'n' Roll singerElvis Presley
58%
African-American woman who refused to give up her seat on a bus in Montgomery, Alabama, triggering the Montgomery Bus Boycott of 1955Rosa Parks
57%
Former member of the Nation of Islam who was assassinated by members of the Nation of Islam after becoming less extreme in his viewsMalcolm X
50%
Celebrity baseball player who set a home run record that lasted until 1961Babe Ruth
46%
Former vice-president who became president after the assassination of the above; he was known for promising a 'Great Society', manipulating his opponents and passing the Civil Rights Act and the Voting Rights Act of 1965Lyndon B. Johnson
46%
Vice-president who became president in April 1945 when the previous one died; he increased the minimum wage from 40 cents per hour to 75 cents per hour as part of the 'Fair Deal'Harry S. Truman
43%
Italian-born immigrant charged with robbery and murder and sentenced to death by electric chair; he may not actually have been guiltyNicola Sacco
42%
Father of a black girl who took the Board of Education of Topeka to court for segregating schools by race in 1954Oliver Brown
42%
Italian-born immigrant charged with robbery and murder and sentenced to death by electric chair; he may not actually have been guiltyBartolomeo Vanzetti
41%
Daughter of the above who had to walk two miles to go to school even though there was a school for white students half a mile awayLinda Brown
40%
Senator who claimed to have a list of 200 communist party members, who was the namesake of the 'Witch Hunts' in the Second Red ScareJoseph McCarthy
39%
Influential jazz musician in the 1920s or 1930s
38%
21-year-old woman who won the right to have an abortion in 1973 after a ruling by the Supreme CourtJane Roe / Norma McCorvey
38%
Republican president elected in 1952 who brought business people into the government to maintain the economyDwight D. Eisenhower
36%
Influential cartoon maker who had a large impact on popular cultureWalt Disney
31%
Influential figure in the 1950s 'teenage rebellion'
27%
Author who wrote about life in the Great Depression
23%
Namesake of a Tariff Act that encouraged Americans to buy goods produced in the USAJoseph W. Fordney
22%
US president who wanted to support businesses, saying "the chief business of the American people is business"Calvin Coolidge
21%
US Attorney General whose house was the target of a Communist terrorist attack, triggering the First Red ScareAlexander Mitchell Palmer
20%
Author of the book 'The Feminine Mystique', which argued that women were not being given enough opportunities to pursue a careerBetty Friedan
20%
Politician who didn't think the New Deal went far enough and proposed a scheme called Share Our Wealth in which nobody would be allowed to own more than $5 million and everyone would get $5000 to buy a radio, car and houseHuey Long
19%
US president known for corruption and wanting to get "back to normalcy" following the First World WarWarren G. Harding
16%
Couple executed in 1953 for passing secrets regarding the atomic bomb to the Soviet Union (they may not actually have been guilty)Ethel and Julius Rosenberg
14%
Billionaire who was the only individual paying 79% income tax (the top tax bracket) under the New DealJohn D. Rockefeller
14%
Famous performer in 1920s films
13%
Leader of the STOP ERA campaign, which successfully opposed the Equal Rights Amendment on the grounds that it would lead to women in combat, abortion, unisex bathrooms and homosexual marriagePhyllis Schlafly
11%
Namesake of a Tariff Act that encouraged Americans to buy goods produced in the USAPorter J. McCumber
11%
Namesake of the tariff passed by the President in 1930, aiming to deal with the Great DepressionReed Smoot
11%
Black girl who was photographed trying to attend Central High School in Little Rock, Arkansas along with eight other black students in 1957Elizabeth Eckford
10%
US president who was assassinated by the aboveWilliam McKinley
10%
Namesake of the tariff passed by the President in 1930, aiming to deal with the Great DepressionWillis C. Hawley
10%
Police chief in Birmingham, Alabama who attacked civil rights protestors on a non-violent march, leading to a greater level of support for the Civil Rights MovementEugene 'Bull' Connor
9%
Founder of the National Association for the Advancement of Colored People (NAACP)W. E. B. Du Bois
9%
KKK member who was convicted of the rape and murder of a young woman, reducing the appeal of the KKKDavid Stephenson
8%
Namesake of a set of rules all films had to follow to avoid obscenity and incitement to crimeWill H. Hays
8%
Competitor in the 1927 World Heavyweight Boxing title, which had 60 million radio listeners
7%
Celebrity golfer in the 1920sBobby Jones
7%
African-American baseball player who left the Negro National League and joined a previously all-white club in 1947Jackie Robinson
7%
Member of the US government accused of spying for the Soviet UnionAlger Hiss
6%
Catholic priest who set up the National Union for Social Justice, which aimed to provide fair work and wages for everyone; he had a radio show but was later forced off air for supporting the NazisCharles Coughlin
6%
Retired doctor who proposed that everyone should retire at 60 to make more jobs for the youngFrancis Townsend
6%
Leader of the Ku Klux KlanHiram Wesley Evans
6%
Man who assassinated the above in 1968James Earl Ray
6%
Governor of Arkansas who sent soldiers to prevent these students from entering, though they were eventually forced to leave by the Federal governmentOrville Faubus
6%
Popular musician in the 1930s (not jazz)
5%
Stunt performer who sat on the top of a flagpole for 49 days in the 1920sAlvin 'Shipwreck' Kelly
5%
African-American student who won a place at Mississippi University but was being persecuted by racists, who the president sent soldiers to protectJames Meredith
4%
Head of the Works Progress Administration who said in response to criticism about wasting taxpayers' money "hell, they've got to eat just like the rest of us!"Harry Hopkins
3%
Mixed-race politician who successfully campaigned to allow African-American journalists into the press rooms at Congress and to allow African-American students into the US Naval Academy in the 1940sAdam Clayton Powell
2%
Losing candidate in the 1936 presidential election; he lost by the greatest margin in historyAlf London
2%
Judge who sentenced the above; he said that he "may not actually have committed the crime but he is morally to blame because he is our enemy"Wester Thayer
2%
Black American sprinter who wore black gloves and no shoes to protest against poverty in the African-American community and support the Black Power movement
1%
Anarchist who assassinated the US president in 1901Leon Franz Czolgosz
1%
Leader of the Black Cabinet, a group advising the president about issues regarding black people in the late 1930sMary McLeod Bethune
1%
White civil rights campaigner who was murdered by the KKK in 1965Viola Liuzzo
1%

Score Distribution

Percentile by Number Answered

Percent of People with Each Score

Your Score History

You have not taken this quiz